Statistics for Privately-Held Companies

Click here to take the quiz!

General Stats

  • This quiz has been taken 15 times
  • The average score is 10 of 15

Answer Stats

HintAnswer% Correct
Social media platform taken private by Elon Musk in 2022.Twitter Inc.
100%
Swedish retailer responsible for about 1% of Earth's wood consumption.IKEA
85%
American sandwich chain that is the largest restaurant operator in the world.Subway
85%
German discount supermarket chain with 10,000 stores in 20 countries.ALDI
77%
American confectionery company known for Milky Way bars and M&Ms.Mars Inc.
77%
Financial media company owned by the former mayor of New York.Bloomberg L.P.
69%
French luxury fashion house known for its "No. 5" perfume.Chanel
69%
Georgia fast food chain that is "Home to the Original Chicken Sandwich"Chick-fil-A
69%
Chinese electric device manufacturer recently sanctioned by the US government.Huawei
69%
Beloved California burger joint famous for double-doubles and Animal Style fries.In N' Out Burger
69%
"Like a good neighbor," this Illinois based insurance company is there.State Farm
69%
Industrial conglomerate owned by libertarian mega-donors David and Charles.Koch Industries
46%
American company offering banking and insurance to US service members.USAA
31%
Chinese tech company that developed TikTok.ByteDance
23%
Minnesota dairy-cooperative that had "Mia" on its butter tub from 1928 to 2020.Land O' Lakes
23%

Score Distribution

Percentile by Number Answered

Percent of People with Each Score

Your Score History

You have not taken this quiz